№ 6; Национальные стандарты

Bibliographic Details
Parent link:Национальные стандарты: Информационный указатель/ Федеральное агентство по техническому регулированию и метрологии. № 6.— , 2004-
Language:Russian
Published: 2012
Format: Book
KOHA link:https://koha.lib.tpu.ru/cgi-bin/koha/opac-detail.pl?biblionumber=481355

MARC

LEADER 00000nam2a2200000 4500
001 481355
005 20250402140833.0
035 |a (RuTPU)RU\TPU\prd\148802 
090 |a 481355 
100 |a 20120827a19409999k y0rusy50 ca 
101 0 |a rus 
102 |a RU 
200 0 |a № 6 
210 |d 2012 
461 1 |0 (RuTPU)RU\TPU\prd\23792  |t Национальные стандарты  |o Информационный указатель  |f Федеральное агентство по техническому регулированию и метрологии  |v № 6  |d 2004- 
801 0 |a RU  |b 63413507  |c 20010227  |g PSBO 
801 1 |a RU  |b 63413507  |c 20120827 
801 2 |a RU  |b 63413507  |c 20191202  |g RCR 
942 |c CR